000 00596nam a2200205Ii 4500
003 JO-AjNU
008 230606s9999||||xx |||||||||||||| ||und||
020 _a978-1-85326-048-3
040 _aJO-AjNU
_beng
_erda
_cJO-AjNU
041 _aeng
050 1 4 _aPR6019.9.D8 1993
100 3 _aJoyce, James,
_eauthor
_92460
245 0 0 _aDUBLINERS
264 3 1 _aWordsworth Classics, 1993
300 _a170P
336 _atext
_btxt
_2rdacontent
337 _aunmediated
_bn
_2rdamedia
338 _avolume
_bnc
_2rdacarrier
650 4 _aEnglish literature - Twentieth century - English fiction
_92461
999 _aE1288
_c1288
_d1288